| 000 | 00495nam a2200181Ia 4500 | ||
|---|---|---|---|
| 999 |
_c13641 _d13641 |
||
| 003 | OSt | ||
| 005 | 20201020095605.0 | ||
| 008 | 190216s9999||||xx |||||||||||||| ||und|| | ||
| 020 | _a8122201083 | ||
| 040 | _coclc | ||
| 082 |
_a294.5 _bGAN/H |
||
| 100 |
_aGandhi, M K _93322 |
||
| 245 | 0 |
_aHindu Dharma / _cM K Gandhi |
|
| 260 |
_bOrient Paper Books, _c1971. _aNew Delhi: |
||
| 300 | _a160p | ||
| 650 | _aEnglish General | ||
| 942 |
_cBK _2ddc _h294.5 _iGAN/H _k294.5 _mGAN/H |
||